| 000 | 00716nam a22002297a 4500 | ||
|---|---|---|---|
| 999 |
_c14995 _d14995 |
||
| 003 | AR-CdUCM | ||
| 008 | 190425b ||||| |||| 00| 0 spa d | ||
| 020 | _a978-607-618-405-9 | ||
| 040 |
_aMUNICIPALIDAD PROVINCIAL DEL CUSCO _cBIBLIOTECA MUNICIPAL DEL CUSCO |
||
| 041 | _heng. | ||
| 082 |
_aPI / 590 / _bS55 |
||
| 100 |
_aMattthews, Rupert _933987 |
||
| 245 | _aGuía de dinosaurios / | ||
| 260 |
_aMéxico : _bSilver Dolphin, _c2015. |
||
| 300 |
_a9 paginas _bIlustraciones, _c29 cm. _eLaminas ilustrativas armables. |
||
| 440 |
_aTop That _933988 |
||
| 650 |
_aTexto infantil _929090 |
||
| 650 |
_aDinosaurios _933093 |
||
| 700 |
_aAna Izquierdo _933989 |
||
| 942 |
_2ddc _cLIBROS |
||
| 945 |
_arjall _d2019-04-25 |
||